| 000 | 00532nam a2200169 i 4500 | ||
|---|---|---|---|
| 001 | 80387 | ||
| 003 | ES-MaACL | ||
| 005 | 20230906174214.0 | ||
| 007 | t| | ||
| 008 | 041027s1974 sp ||||1| spa d | ||
| 100 | 1 |
_aHodges, Harold M. _963896 |
|
| 245 | 1 | 3 |
_aLa estratificación social _b: las clases en América / _cHarold M. Hodges ; [traducción por Esperanza Guisan Seijas]. |
| 260 |
_aMadrid : _bTecnos, _c[1974] |
||
| 300 |
_a319 p. ; _c24 cm. |
||
| 700 | 0 |
_aGuisán, Esperanza. _960899 |
|
| 852 |
_aES-MaACL _jE-9128 _bR.93451 |
||
| 999 |
_c80387 _d80387 |
||